LEADER 01224nam--2200385---450- 001 990005908020203316 005 20131114122904.0 010 $a978-88-7667-459-4 035 $a000590802 035 $aUSA01000590802 035 $a(ALEPH)000590802USA01 035 $a000590802 100 $a20131114d2013----km-y0itay50------ba 101 0 $aita 102 $aIT 105 $a||||||||001yy 200 1 $a<> antiqua damigella$edell'ironia nell'Orlando furioso$fFranco Musarra$gprefazione di Giulio Ferroni 210 $aFirenze$cCesati$d2013 215 $a273 p.$d23 cm 225 2 $aResoconti di letteratura italiana 410 0$12001$aResoconti di letteratura italiana 60 1$aAriosto,$bLudovico . Orlando furioso$xImpiego [dell'] Ironia$2BNCF 676 $a851.309 700 1$aMUSARRA,$bFranco$0158606 702 1$aFERRONI,$bGiulio 801 0$aIT$bsalbc$gISBD 912 $a990005908020203316 951 $aVI.3.B. 4529$b243242 L.M.$cVI.3.B.$d00344522 959 $aBK 969 $aUMA 979 $aPASSARO$b90$c20131114$lUSA01$h1224 979 $aPASSARO$b90$c20131114$lUSA01$h1227 979 $aPASSARO$b90$c20131114$lUSA01$h1229 996 $aAntiqua damigella$91073248 997 $aUNISA